00808nam a2200253Ia 4500003000400000005001700004008004100021020001800062040001800080041000800098082002100106100002400127245005600151250001200207260003300219300002700252650002600279650004200305650002600347700002900373942003100402999001900433952010200452OSt20240523100442.0210716s1985 xx 000 0 und d a9781401323257 cAIMIT LIBRARY aeng a374.22 21bPAUR aPausch, Randy.9548 aLast lecture /cBy Randy Pausch and Jeffrey Zaslow. a1st ed. aNew York :bHYPERON ,c2008. ax,206p. ;bHBc18.5 cm aThe last lecture9549 aEnabling the dreams of others9166933 aFinal remarks9166934 aZaslow, Jeffrey.9166935 2ddccBKe1st k374.22 PAUR c198674d198674 00102ddc40708MBAaAIMITbAIMITd2005-01-25l0o374.22 PAURpMBA01239r2026-05-23 00:00:00yBK